L'oevre de Victor Hugo: L'échantillon modèle de l'évolution littéraire au XIX ème siècle?
Enregistré dans:
| Auteur principal: | |
|---|---|
| Format: | Chapitre de livre |
| Langue: | français |
| Sujets: | |
| Tags: |
Pas de tags, Soyez le premier à ajouter un tag!
|
MARC
| LEADER | 00000naa$a2200000$$$4500 | ||
|---|---|---|---|
| 001 | 0094790 | ||
| 005 | 20240502072044.8 | ||
| 041 | 0 | |a fre | |
| 044 | |a SK | ||
| 245 | 1 | 0 | |a L'oevre de Victor Hugo: L'échantillon modèle de l'évolution littéraire au XIX ème siècle? |c Štefan Povchanič |
| 610 | 2 | 0 | |a literatúra |
| 610 | 2 | 0 | |a jazyky cudzie |
| 610 | 2 | 0 | |a francúzština |
| 610 | 2 | 0 | |a vývoj |
| 100 | 1 | |a Povchanič, Štefan | |